000 00576nam a22001457a 4500
020 _a978-1-4169-6766-8
082 _a823
_bDIX/H
100 _aDIXON, FRANKLIN W
245 _aTHE HARDY BOYS - DOUBLE DECEPTION
260 _aNEW YORK
_bALADDIN PAPERBACKS
_c2009
300 _a158
520 _aJoe and Frank continue work protecting Justin, a superstar, from possible harm. They soon find that Justin is dating Emily Slater, another superstar. This makes them suspicious, especially as Justin's twin brother, Ryan, is missing.
650 _aMYSTERY
_zUNITED STATES
942 _cBK
999 _c7836
_d7836